Looking closely in the rain forest (Record no. 3989)

MARC details
000 -LEADER
fixed length control field 00765nam a22002297a 4500
001 - CONTROL NUMBER
control field 3989
003 - CONTROL NUMBER IDENTIFIER
control field FISKH
005 - DATE AND TIME OF LATEST TRANSACTION
control field 20250826092147.0
008 - FIXED-LENGTH DATA ELEMENTS--GENERAL INFORMATION
fixed length control field 240529b cb ||||| |||| 00| 0 eng d
020 ## - INTERNATIONAL STANDARD BOOK NUMBER
International Standard Book Number 9780545473620
040 ## - CATALOGING SOURCE
Original cataloging agency FISKH
Language of cataloging eng
Transcribing agency FISKH
Modifying agency FISKH
050 ## - LIBRARY OF CONGRESS CALL NUMBER
Classification number QH86.S455
082 ## - DEWEY DECIMAL CLASSIFICATION NUMBER
Classification number 578.734
100 ## - MAIN ENTRY--PERSONAL NAME
Personal name Serafini, Frank
245 ## - TITLE STATEMENT
Title Looking closely in the rain forest
300 ## - PHYSICAL DESCRIPTION
Extent 20 unnumbered pages :
Dimensions 23 X26 cm
505 ## - FORMATTED CONTENTS NOTE
Formatted contents note K
520 ## - SUMMARY, ETC.
Summary, etc. "Through the magic of close-up photography, the author first asks the reader to identify an object found in a rain forest in a super-close-up picture, with the next page revealing the entire picture." - Librarything
521 8# - TARGET AUDIENCE NOTE
Target audience note 580 <br/>
Source Lexile AD
521 8# - TARGET AUDIENCE NOTE
Target audience note K <br/>
Source Raz-Plus
942 ## - ADDED ENTRY ELEMENTS (KOHA)
Source of classification or shelving scheme Dewey Decimal Classification
Koha item type Books
Suppress in OPAC No
Holdings
Withdrawn status Lost status Source of classification or shelving scheme Damaged status Not for loan Collection Home library Current library Shelving location Date acquired Total Checkouts Full call number Barcode Date last seen Date last checked out Copy number Price effective from Koha item type Date due
    Library of Congress Classification     Non-Fiction Footprints International School Library Network Toul Kork Campus Footprints International School Library Network Toul Kork Campus TK Primary Library Room(4th Floor), Bookcase 3&4, Shelves 17-32, Yellow Books 05/29/2024 1 SER 578.734 QH86.S455 2024-0742 12/20/2024 09/13/2024 1 05/29/2024 Books  
    Library of Congress Classification     Non-Fiction Footprints International School Library Network Toul Kork Campus Footprints International School Library Network Toul Kork Campus TK Primary Library Room(4th Floor), Bookcase 3&4, Shelves 17-32, Yellow Books 07/09/2025 1 SER 578.734 QH86.S455 FISBK05173 10/31/2025 10/17/2025 2 07/09/2025 Books  
    Library of Congress Classification     Non-Fiction Footprints International School Library Network Toul Tom Poung Campus Footprints International School Library Network Toul Tom Poung Campus TTP Primary Yellow Bookshelves 08/15/2025 1 SER 578.734 QH86.S455 FISTK02582 11/28/2025 11/28/2025 3 08/15/2025 Books 12/12/2025
    Library of Congress Classification     Non-Fiction Footprints International School Library Network Toul Tom Poung Campus Footprints International School Library Network Toul Tom Poung Campus TTP Primary Yellow Bookshelves 08/26/2025   SER 578.734 QH86.S455 FIS04952 08/26/2025   4 08/26/2025 Books